000 00985cab a2200265 4500
001 ABS50404
008 090401t1994 xxu||||| |||| 00| 0 eng d
035 _a(Sirsi) u75567
041 _aeng
245 _aForesite
260 _c1994
350 _a0
490 _aBuilding
_v259(7837) 1 April 1994, 30-34(4)
520 _aThe fourth edition of the `Building` essential lead times for key building components. Whilst the general decline in lead times seems to have ended, some major elements are still on the move. Includes a chart of average procurement lead times, a focus on prospects for mechanical services, and the importance of life cycle costing.
650 _aBUILDING PROCUREMENT
650 _aGARDINER & THEOBALD
650 _aLEAD TIME INDEX
650 _aLEAD TIMES
650 _aMACE
650 _aMECHANICAL SERVICES
650 _aBCIS ALL-IN TENDER PRICE INDEX
690 _aBUILT ENVIRONMENT-BUILDING MATERIALS
942 _n0
948 _c04/03/1997
999 _c47543
_d47543